LEADER 00708nam0-22002771i-450- 001 990003343530403321 005 20001010 035 $a000334353 035 $aFED01000334353 035 $a(Aleph)000334353FED01 035 $a000334353 100 $a20001010d--------km-y0itay50------ba 101 0 $aita 105 $ay-------001yy 200 1 $aBarchester towers 210 $aLONDON$cEVERYMAN'S LIBREARY$d1975 676 $a044 700 1$aTrollope,$bAnthony$f<1815-1882>$0166255 801 0$aIT$bUNINA$gRICA$2UNIMARC 901 $aBK 912 $a990003343530403321 952 $a044 TRO$bLINGUE 2168$fDECLI 959 $aDECLI 996 $aBarchester towers$973998 997 $aUNINA DB $aING01